Statistics for Serbian Medieval History

Click here to take the quiz!

General Stats

  • This quiz has been taken 187 times
    (98 since last reset)
  • The average score is 20 of 33

Answer Stats

QuestionAnswer% Correct
When the Battle of Kosovo took place?1389
81%
Who is not from the lineage of Nemanjić?Despot Stefan Lazarević
79%
Who was the last descendant of Nemanjić on the throne of Serbia?Uroš the Weak
77%
Who killed Sultan Murad I in the Battle of Kosovo?Miloš Obilić
76%
Which son of Stefan Nemanja became the first Archbishop of the Serbian Church in 1219?Rastko
73%
After the death of Stefan Nemanja, which of his two sons clashed over the throne?Stefan and Vukan
73%
When did Serbs and Croats start inhabiting the Balkan Peninsula?7th century
72%
Which city was the capital during the reign of Lazar of Serbia?Kruševac
72%
Who was declared a traitor in the Battle of Kosovo?Vuk Branković
71%
From which house was Prince Marko, known in folk songs as Marko Kraljević?Mrnjavčević
69%
Which city was the capital of Serbia before the fall under the Ottoman Empire?Smederevo
69%
Who composed the first Slavic Glagolitic alphabet?Ćirilo
67%
What was the last name of Lazar of Serbia?Hrebeljanović
67%
Who did not command the Turkish army in the Battle of Kosovo?Mehmed II
65%
When did Serbia fall under the Ottoman Empire?1463
64%
Who cut down Lazar of Serbia and kept his head as a trophy after the Battle of Kosovo?Bayezid I
63%
Which city was the capital during the reign of Stefan Nemanja?Ras
63%
What name did Stefan Nemanja take when he became a monk?Simeon
60%
Where were the relics of Saint Sava burned?Belgrade
59%
What were the names of the Mrnjavčević brothers?Uglješa and Vukašin
59%
White Angel is a detail of one of the best known frescoes in Serbian culture. In which monastery can it be found?Mileševa
58%
Which son of Nemanja received the royal title from the pope in 1217?Stefan
55%
Who did not command the Serbian army in the Battle of Kosovo?Stefan Lazarević
55%
Which Nemanjić built the Hilandar monastery in Mount Athos, Greece in 1198?Nemanja and Rastko
54%
Stefan Nemanja died in front of his son Sava and other monks in which monastery?Hilandar
51%
To whom did Milica, the wife of Lazar, hand over power after his death on the field of Kosovo?Stefan Lazarević
51%
Which monastery did Stefan Nemanja build as his endowment?Studenica
50%
Who was the first known Serbian prince from the 8th century whose name is reliably recorded in historical sources?Višeslav
47%
Which of the following characters is fictional?Jug Bogdan
42%
How many years was Serbia under the Turks?345
38%
What is the name of the compilation of several legal systems used in the Serbian Empire created in 1349?Dušan's Code
33%
What was the name of the youngest son of Jug Bogdan?Boško
32%
Which dynasty came to power after the Nemanjić dynasty ceased to exist?Mrnjavčević
28%

Score Distribution

Percentile by Number Answered

Percent of People with Each Score

Your Score History

You have not taken this quiz since the last reset